Cristóbal Nonato entre la historia y la ficción [abstract] /

Elmentve itt :
Bibliográfiai részletek
Szerző: Kovačević Petrović Bojana
Testületi szerző: Un océano. Distintos destinos 1492-1522-2022
További közreműködők: Fuentes Carlos
Dokumentumtípus: Könyv része
Megjelent: Departamento de Estudios Hispánicos de la Universidad de Szeged Szeged 2022
Sorozat:Un océano. Distintos destinos 1492-1522-2022
Kulcsszavak:Spanyol irodalom története - Mexikó - 20-21. sz. - előadáskivonat, Műelemzés - spanyol - előadáskivonat
Tárgyszavak:
Online Access:http://acta.bibl.u-szeged.hu/77700
LEADER 01073naa a2200229 i 4500
001 acta77700
005 20221208085809.0
008 221208s2022 hu o 1|| spa d
020 |a 978-963-306-905-9 
040 |a SZTE Egyetemi Kiadványok Repozitórium  |b hun 
041 |a spa 
100 2 |a Kovačević Petrović Bojana 
245 1 0 |a Cristóbal Nonato entre la historia y la ficción   |h [elektronikus dokumentum] :  |b [abstract] /  |c  Kovačević Petrović Bojana 
260 |a Departamento de Estudios Hispánicos de la Universidad de Szeged  |b Szeged  |c 2022 
300 |a 32 
490 0 |a Un océano. Distintos destinos 1492-1522-2022 
650 4 |a Bölcsészettudományok 
650 4 |a Nyelvek és irodalom 
695 |a Spanyol irodalom története - Mexikó - 20-21. sz. - előadáskivonat, Műelemzés - spanyol - előadáskivonat 
700 0 1 |a Fuentes Carlos 
711 |a Un océano. Distintos destinos 1492-1522-2022  |c Szeged  |d 2022. november 18-19. 
856 4 0 |u http://acta.bibl.u-szeged.hu/77700/1/un_oceano_distintos_destinos_libro_de_resumenes_2022_032.pdf  |z Dokumentum-elérés